[Event "Wch U12"]
[Site "Batumi"]
[Date "2022.09.26"]
[Round "10"]
[White "Tregubenko, Nikolay"]
[Black "Khvedelidze, Luka"]
[Result "1-0"]
[WhiteElo "1859"]
[BlackElo "1666"]
[PlyCount "123"]
[EventDate "2022.09.16"]
[EventType "swiss"]
[EventRounds "11"]
[EventCountry "GEO"]
[SourceTitle "EXT 2023"]
[Source "ChessBase"]
[SourceDate "2022.10.05"]
[SourceVersion "1"]
[SourceVersionDate "2022.10.05"]
[SourceQuality "1"]

1. e4 c6 2. d4 d5 3. Nc3 dxe4 4. Nxe4 Nd7 5. Bd3 Ngf6 6. Ng5 e6 7. N1f3 Bd6 8. Qe2 h6 9. Ne4 Nxe4 10. Qxe4 Nf6 11. Qe2 c5 12. dxc5 Bxc5 13. Ne5 0-0 14. c3 b6 15. Bf4 Bd6 16. 0-0-0 Qc7 17. g4 Nd7 18. Qe4 f5 19. Qxa8 Bb7 20. Qxf8+ Nxf8 21. Rhe1 g5 22. gxf5 gxf4 23. Rg1+ Kh8 24. Ng6+ Nxg6 25. Rxg6 f3 26. Rdg1 Bf4+ 27. Kc2 Bg5 28. Rxe6 Qxh2 29. Rf1 Qf4 30. Kb1 Qd2 31. Bc2 Ba6 32. Rd1 Qxf2 33. f6 Bxf6 34. Rxf6 Be2 35. Rd4 Qg1+ 36. Bd1 Bd3+ 37. Rxd3 f2 38. Rdd6 f1Q 39. Rxf1 Qxf1 40. Rxh6+ Kg7 41. Rd6 Kf7 42. b3 Ke7 43. Rd4 b5 44. Kb2 a5 45. Bc2 Qf6 46. a3 Ke6 47. b4 a4 48. Rg4 Kd5 49. Rd4+ Ke6 50. Rg4 Kd5 51. Rg6 Qf1 52. Rb6 Qe2 53. Rg6 Qe5 54. Rb6 Qe8 55. Bd3 Ke5 56. Rxb5+ Kf4 57. Rd5 Qe6 58. Rd4+ Kg5 59. Bc2 Qe5 60. Bxa4 Kf6 61. Bc2 Qc7 62. a4 1-0

[Event "Wch U12"]
[Site "Batumi"]
[Date "2022.09.21"]
[Round "6"]
[White "Temirbekov, Taimaz"]
[Black "Khvedelidze, Luka"]
[Result "1-0"]
[WhiteElo "2042"]
[BlackElo "1666"]
[PlyCount "88"]
[EventDate "2022.09.16"]
[EventType "swiss"]
[EventRounds "11"]
[EventCountry "GEO"]
[SourceTitle "EXT 2023"]
[Source "ChessBase"]
[SourceDate "2022.10.05"]
[SourceVersion "1"]
[SourceVersionDate "2022.10.05"]
[SourceQuality "1"]

1. e4 c6 2. d4 d5 3. Nc3 dxe4 4. Nxe4 Nd7 5. Nf3 Ngf6 6. Nxf6+ Nxf6 7. c3 Bg4 8. h3 Bh5 9. g4 Bg6 10. Ne5 e6 11. h4 Bd6 12. Qe2 c5 13. dxc5 Bxe5 14. Qxe5 0-0 15. Be2 Rc8 16. h5 Bd3 17. h6 Re8 18. Bf3 Qd5 19. Bxd5 exd5 20. Qxe8+ Rxe8+ 21. Be3 Nxg4 22. Kd2 Bg6 23. hxg7 Ne5 24. b3 Nf3+ 25. Kc1 f5 26. Kb2 Ne5 27. Ka3 Re6 28. Rad1 f4 29. Bd4 Nd3 30. b4 Re2 31. Rb1 Ne5 32. b5 Bxb1 33. Rxb1 Nc4+ 34. Kb4 Re6 35. a4 h5 36. c6 bxc6 37. Bxa7 cxb5 38. axb5 h4 39. Bd4 h3 40. Rh1 Rh6 41. Ra1 Rg6 42. Ra8+ Kf7 43. Rf8+ Ke6 44. Rf6+ Rxf6 1-0

[Event "Wch U12"]
[Site "Batumi"]
[Date "2022.09.18"]
[Round "3"]
[White "Khvedelidze, Luka"]
[Black "Amkoladze, Otar"]
[Result "1-0"]
[WhiteElo "1666"]
[BlackElo "1166"]
[PlyCount "35"]
[EventDate "2022.09.16"]
[EventType "swiss"]
[EventRounds "11"]
[EventCountry "GEO"]
[SourceTitle "EXT 2023"]
[Source "ChessBase"]
[SourceDate "2022.10.05"]
[SourceVersion "1"]
[SourceVersionDate "2022.10.05"]
[SourceQuality "1"]

1. d4 Nf6 2. Nf3 e6 3. g3 d5 4. c4 c5 5. Bg2 Be7 6. 0-0 0-0 7. Qc2 Nc6 8. dxc5 d4 9. Nbd2 Bxc5 10. Nb3 b6 11. Nxc5 bxc5 12. Ne5 Nb4 13. Qd1 Rb8 14. a3 Qc7 15. axb4 Rxb4 16. Nd3 Rxc4 17. Qb3 Rxc1 18. Rfxc1 1-0

[Event "EU-ch Schools U11"]
[Site "Tornelo INT"]
[Date "2021.12.05"]
[Round "7"]
[White "Tabatadze, Erekle"]
[Black "Khvedelidze, Luka"]
[Result "1-0"]
[WhiteElo "1557"]
[BlackElo "1414"]
[PlyCount "53"]
[EventDate "2021.12.03"]
[EventType "swiss (rapid)"]
[EventRounds "7"]
[EventCountry "NET"]
[SourceTitle "EXT 2023"]
[Source "ChessBase"]
[SourceDate "2022.10.05"]
[SourceVersion "1"]
[SourceVersionDate "2022.10.05"]
[SourceQuality "1"]

1. d4 Nf6 2. c4 g6 3. Nc3 d5 4. Bg5 c6 5. e3 Bg7 6. Nf3 0-0 7. cxd5 Nxd5 8. Nxd5 cxd5 9. Be2 Qa5+ 10. Qd2 Qxd2+ 11. Kxd2 Nc6 12. Rhc1 Bg4 13. h3 Bxf3 14. Bxf3 e5 15. Bxd5 exd4 16. e4 Rac8 17. Rc4 Ne5 18. Rxc8 Rxc8 19. f4 Nc4+ 20. Bxc4 Rxc4 21. Kd3 b5 22. f5 Be5 23. Rc1 Ra4 24. a3 Kg7 25. Rc5 Bg3 26. f6+ Kf8 27. Rc8# 1-0

[Event "EU-ch Schools U11"]
[Site "Tornelo INT"]
[Date "2021.12.04"]
[Round "5"]
[White "Chaladze, Giorgi"]
[Black "Khvedelidze, Luka"]
[Result "1-0"]
[WhiteElo "1316"]
[BlackElo "1414"]
[PlyCount "67"]
[EventDate "2021.12.03"]
[EventType "swiss (rapid)"]
[EventRounds "7"]
[EventCountry "NET"]
[SourceTitle "EXT 2023"]
[Source "ChessBase"]
[SourceDate "2022.10.05"]
[SourceVersion "1"]
[SourceVersionDate "2022.10.05"]
[SourceQuality "1"]

1. d4 Nf6 2. c4 g6 3. Nc3 d5 4. e3 Bg7 5. Nf3 0-0 6. h3 Bf5 7. cxd5 Nxd5 8. Bc4 Nxc3 9. bxc3 c5 10. 0-0 Nc6 11. Bb2 Rc8 12. Rc1 a6 13. Bd3 e5 14. e4 Bd7 15. d5 Na5 16. c4 Re8 17. Nd2 b5 18. f4 exf4 19. Bxg7 Kxg7 20. Rxf4 Qg5 21. Qf3 f6 22. Rf1 Re7 23. Rxf6 Qxd2 24. Rf7+ Rxf7 25. Qxf7+ Kh6 26. Qxd7 Qe3+ 27. Kh1 Qxd3 28. Rf7 Rh8 29. Qg4 Qb1+ 30. Kh2 Qe1 31. Qf4+ Kh5 32. g4+ Kh4 33. g5+ Kh5 34. Qg4# 1-0

[Event "EU-ch Schools U11"]
[Site "Tornelo INT"]
[Date "2021.12.04"]
[Round "4"]
[White "Khvedelidze, Luka"]
[Black "Chaladze, Giorgi"]
[Result "1/2-1/2"]
[WhiteElo "1414"]
[BlackElo "1316"]
[PlyCount "147"]
[EventDate "2021.12.03"]
[EventType "swiss (rapid)"]
[EventRounds "7"]
[EventCountry "NET"]
[SourceTitle "EXT 2023"]
[Source "ChessBase"]
[SourceDate "2022.10.05"]
[SourceVersion "1"]
[SourceVersionDate "2022.10.05"]
[SourceQuality "1"]

1. d4 Nf6 2. c4 e6 3. Bf4 d5 4. e3 c5 5. Nc3 a6 6. Nf3 Nc6 7. Bd3 Qb6 8. Qd2 Bd7 9. Na4 Qb4 10. Qxb4 Nxb4 11. Nb6 Nxd3+ 12. Kd2 Nxf4 13. Nxa8 Ne4+ 14. Kc2 Ng6 15. cxd5 Bd6 16. Nb6 Bb5 17. a4 Bd7 18. Nc4 exd5 19. Nxd6+ Nxd6 20. dxc5 Ne4 21. Rhd1 Be6 22. b4 Nxf2 23. Rd4 Ne4 24. Nd2 f5 25. Nxe4 fxe4 26. b5 Ke7 27. Kb3 a5 28. Rc1 Rc8 29. c6 bxc6 30. bxc6 Kd6 31. Rd2 Rxc6 32. Rxc6+ Kxc6 33. Kc3 Ne5 34. Kd4 Nc4 35. Rf2 Kd6 36. Rf8 Nb6 37. Rh8 Bf5 38. Rf8 g6 39. Rb8 Kc6 40. h3 h5 41. Rg8 Nxa4 42. g4 hxg4 43. hxg4 Be6 44. Rxg6 Kd6 45. g5 Nc5 46. Rh6 Nd7 47. g6 Nf6 48. Rh1 a4 49. Rb1 Nd7 50. g7 Ke7 51. Rb4 Kf7 52. Rxa4 Kxg7 53. Ra7 Kf6 54. Ra6 Ke7 55. Ra7 Kf6 56. Ra6 Ne5 57. Rb6 Nf3+ 58. Kc3 Ne1 59. Rb1 Nf3 60. Rb6 Ke5 61. Ra6 d4+ 62. exd4+ Nxd4 63. Ra5+ Bd5 64. Rc5 Ne6 65. Ra5 Nf4 66. Kd2 Kd4 67. Ra4+ Bc4 68. Ra8 e3+ 69. Kd1 e2+ 70. Kd2 Ke4 71. Ra4 Kd4 72. Ra8 Ke4 73. Ra4 Kd4 74. Ra8 1/2-1/2

[Event "EU-ch Schools U11"]
[Site "Tornelo INT"]
[Date "2021.12.04"]
[Round "5"]
[White "Khvedelidze, Luka"]
[Black "Skodras, Marios Konstantinos"]
[Result "1-0"]
[WhiteElo "1414"]
[BlackElo "1576"]
[PlyCount "43"]
[EventDate "2021.12.03"]
[EventType "swiss (rapid)"]
[EventRounds "7"]
[EventCountry "NET"]
[SourceTitle "EXT 2023"]
[Source "ChessBase"]
[SourceDate "2022.10.05"]
[SourceVersion "1"]
[SourceVersionDate "2022.10.05"]
[SourceQuality "1"]

1. e4 e5 2. Nf3 Nc6 3. d4 exd4 4. Bc4 Bc5 5. 0-0 d6 6. c3 dxc3 7. Qb3 Qe7 8. Bg5 f6 9. Nxc3 Qd8 10. Bxg8 Qe7 11. Nd5 Qd7 12. Nxf6+ gxf6 13. Bxf6 Na5 14. Qd5 c6 15. Qh5+ Kf8 16. Bxh8 Kxg8 17. Bc3 Nc4 18. Qg5+ Kf8 19. Qf6+ Qf7 20. Qd8+ Qe8 21. Bg7+ Kf7 22. Ng5+ 1-0